Catálogo

Psicología de la salud en Latinoamérica / (Registro nro. 45651)

Detalles MARC
000 -LEADER
fixed length control field 01412nam a2200349 i 4500
001 - CONTROL NUMBER
control field 45651
003 - CONTROL NUMBER IDENTIFIER
control field Mx-PuUPA
005 - DATE AND TIME OF LATEST TRANSACTION
control field 20260324161652.0
008 - FIXED-LENGTH DATA ELEMENTS--GENERAL INFORMATION
fixed length control field 140415s2024 mx gr 001 0 spa d
020 ## - INTERNATIONAL STANDARD BOOK NUMBER
International Standard Book Number 9786074489255
040 ## - CATALOGING SOURCE
Transcribing agency Mx-PuUPA
Original cataloging agency Mx-PuUPA
Language of cataloging spa
Modifying agency Mx-PuUPA
Description conventions rda
041 0# - LANGUAGE CODE
Language code of text/sound track or separate title spa
043 ## - GEOGRAPHIC AREA CODE
Geographic area code cl-----
100 1# - MAIN ENTRY--PERSONAL NAME
Personal name Roca Chiapas, José María de la,
Relator term autor
9 (RLIN) 17941
245 12 - TITLE STATEMENT
Title Psicología de la salud en Latinoamérica /
Statement of responsibility, etc. José María de la Roca Chiapas, Leivy Patricia González Ramírez, José Eduardo Huerta Lépez ; editor responsable, Georgina Moreno Zarco
250 ## - EDITION STATEMENT
Edition statement 1a. edición
264 #1 - PRODUCTION, PUBLICATION, DISTRIBUTION, MANUFACTURE, AND COPYRIGHT NOTICE
Place of production, publication, distribution, manufacture Ciudad de México :
Name of producer, publisher, distributor, manufacturer Editorial El Manual Moderno,
Date of production, publication, distribution, manufacture, or copyright notice ©2024
300 ## - PHYSICAL DESCRIPTION
Extent xi, 147 páginas :
Other physical details ilustraciones (blanco y negro) ;
Dimensions 23 cm
336 ## - CONTENT TYPE
Fuente rdacontent
Content type term texto
Content type code txt
337 ## - MEDIA TYPE
Source rdamedia
Media type term sin medio
Media type code n
338 ## - CARRIER TYPE
Source rdacarrier
Carrier type term volumen
Carrier type code nc
650 #7 - SUBJECT ADDED ENTRY--TOPICAL TERM
Source of heading or term armarc
Topical term or geographic name entry element Psicología de la salud
Geographic subdivision América Latina
650 #7 - SUBJECT ADDED ENTRY--TOPICAL TERM
Source of heading or term armarc
Topical term or geographic name entry element Psicología clínica
General subdivision Salud
650 #7 - SUBJECT ADDED ENTRY--TOPICAL TERM
Source of heading or term armarc
Topical term or geographic name entry element Medicina
General subdivision Psicología
700 1# - ADDED ENTRY--PERSONAL NAME
Personal name González Ramírez, Leivy Patricia,
Relator term autor
700 1# - ADDED ENTRY--PERSONAL NAME
Personal name Huerta Lépez, José Eduardo,
Relator term autor
700 1# - ADDED ENTRY--PERSONAL NAME
Personal name Moreno Zarco, Georgina,
Relator term editor
942 ## - ADDED ENTRY ELEMENTS (KOHA)
Source of classification or shelving scheme Dewey Decimal Classification
Koha item type Libro
Classification part 616.098
Item part R66
Existencias
Withdrawn status Lost status Source of classification or shelving scheme Damaged status Not for loan Collection code Home library Current library Shelving location Date acquired Source of acquisition Cost, normal purchase price Total Checkouts Full call number Barcode Date last seen Copy number Cost, replacement price Price effective from Koha item type
    Dewey Decimal Classification     General Biblioteca Karol Wojtyla Biblioteca Karol Wojtyla Sala general 18/03/2026 1 234.00   616.098 R66 2024 106369 07/04/2026 Ej.2 234.00 18/03/2026 Libro
    Dewey Decimal Classification     General Biblioteca Karol Wojtyla Biblioteca Karol Wojtyla Sala general 18/03/2026 1 234.00   616.098 R66 2024 106368 07/04/2026   234.00 18/03/2026 Libro